Microprocessor fundamentals
Đã lưu trong:
| Hovedforfatter: | |
|---|---|
| Format: | Bog |
| Sprog: | Undetermined |
| Udgivet: |
London
Pitman
1982
|
| Fag: | |
| Tags: |
Tilføj Tag
Ingen Tags, Vær først til at tagge denne postø!
|
| Thư viện lưu trữ: | Trung tâm Học liệu Trường Đại học Cần Thơ |
|---|
| LEADER | 00460nam a2200181Ia 4500 | ||
|---|---|---|---|
| 001 | CTU_82707 | ||
| 008 | 210402s9999 xx 000 0 und d | ||
| 082 | |a 001.6 | ||
| 082 | |b H196 | ||
| 100 | |a Halsall, Fred | ||
| 245 | 0 | |a Microprocessor fundamentals | |
| 245 | 0 | |c Fred Halsall | |
| 260 | |a London | ||
| 260 | |b Pitman | ||
| 260 | |c 1982 | ||
| 650 | |a Microprocessors | ||
| 904 | |i QHieu(sửa) | ||
| 980 | |a Trung tâm Học liệu Trường Đại học Cần Thơ | ||